01149cam a22003011a 4500001001300000003000400013005001700017008004100034010001700075035002000092040005200112042001200164050002400176070002200200072000900222082001700231100003800248245010600286260004400392300003700436440004900473500014000522500003900662504002500701500002000726650005000746650005100796gs 60000189 DLC20260227111409.0840925s1960 dcuab b f001 0 eng c ags 60000189  a(OCoLC)11196493 aU.S. Geol. Survey. Libr.cCLSdDNALdOCoLCdDLC apremarc00aTC801b.U2 no. 14790 a407bG29W no.14790 aP200 a551.490979631 aSmith, Rex O.q(Rex Onis),d1924-10aGeohydrologic evaluation of streamflow records in the Big Wood River basin, Idaho /cby Rex O. Smith. aWashington, D.C. :bU.S. G.P.O.,c1960. av, 68 p. :bill., maps ;c24 cm. 0aGeological Survey water-supply paper ;v1479 a"An assessment of the geohydrologic conditions that affect the adequacy of streamflow records in measuring the water yield of a basin." aTwo folded colored maps in pocket. aBibliography: p. 57. aIncludes index. 0aGroundwaterzIdahozBig Wood River Watershed. 0aWater-supplyzIdahozBig Wood River Watershed.